| 000 | 00466nam a2200169 a 4500 | ||
|---|---|---|---|
| 001 | 0018 | ||
| 005 | 20140414131929.0 | ||
| 008 | 040726s19uu xx 00 eng d | ||
| 020 | _a1-84135-103-2 | ||
| 050 |
_aM 398.2 _bW77 1995 |
||
| 245 |
_aWitch and wizard stories / _cillustrated by Jane Launchbury. |
||
| 260 |
_aLondon : _bAward Pub., _c1995. |
||
| 300 | _a59 p. : ill. ; cm. | ||
| 650 |
_aWitches _xFiction. |
||
| 650 | _aChildren stories. | ||
| 999 |
_c112178 _d112178 |
||